Geometry

محفوظ في:
التفاصيل البيبلوغرافية
المؤلف الرئيسي: Wyatt, Rachel
التنسيق: كتاب
اللغة:English
منشور في: Toronto, Canadá Playwrights 1983
الموضوعات:
الوسوم: إضافة وسم
لا توجد وسوم, كن أول من يضع وسما على هذه التسجيلة!

MARC

LEADER 00000nam a2200000Ia 4500
008 170316s9999 xx 000 0 eng d
040 |a cru BVZT 
090 |a 818 W-10g 
100 |a Wyatt, Rachel 
245 |a Geometry 
260 |a Toronto, Canadá 
260 |b Playwrights 
260 |c 1983 
300 |a 72 páginas 
650 |a LITERATURA CANADIENSE 
999 |c 6676  |d 6676 
942 |c 15 D  |h 818 W-10g  |2 z